[Event "Ch Brazil (team)"]
[Site "San Jose de Rio Preto (Brazil)"]
[Round "7"]
[White "Costa Paulo C (BRA)"]
[Black "Van Riemsdijk Dirk D (BRA)"]
[Result "0-1"]
[WhiteElo "2061"]
[BlackElo "2132"]

1.d4 e6 2.e4 d5 3.Nd2 Nf6 4.e5 Nfd7 5.Bd3 c5 6.c3 Nc6 7.Ne2 cxd4 8.cxd4 f6
9.Nf4 Nxd4 10.Qh5+ Ke7 11.Ng6+ hxg6 12.exf6+ gxf6 13.Qxh8 Ne5 14.Qh7+ Kd6
15.Bxg6 Qa5 16.b4 Qb5 17.Qh5 Nxg6 18.Nb3 Nc2+ 19.Kd2 Ne5 {#R} 0-1

[Event "Tournament \"]
[Site "Rio de Janeiro (Brazil)"]
[Date "1995.02.22"]
[Round "11"]
[White "Cunha Eduardo A (BRA)"]
[Black "Mascarenhas Alberto (BRA)"]
[Result "0-1"]
[WhiteElo "2242"]
[BlackElo "2310"]

1.e4 e6 2.d4 d5 3.Nd2 Nf6 4.e5 Nfd7 5.Bd3 c5 6.c3 Nc6 7.Ne2 cxd4 8.cxd4 f6
9.Nf4 Nxd4 10.Qh5+ Ke7 11.Ng6+ hxg6 12.exf6+ Nxf6 13.Qxh8 Kf7 14.O-O e5 15.Qh4
e4 16.Bb1 Be7 17.Nb3 Ne2+ 18.Kh1 Nh5 {#R} 0-1

[Event "It (open)"]
[Site "Leiden (Netherlands)"]
[Date "1995.02.26"]
[Round "6"]
[White "Van Rijn Anton (NED)"]
[Black "Driessens Patrick (NED)"]
[Result "0-1"]
[WhiteElo "2270"]
[BlackElo "2311"]

1.e4 e6 2.d4 d5 3.Nd2 Nf6 4.e5 Nfd7 5.c3 c5 6.Bd3 Nc6 7.Ne2 cxd4 8.cxd4 f6
9.Nf4 Nxd4 10.Qh5+ Ke7 11.Ng6+ hxg6 12.Qxh8 Nxe5 13.Bb1 Qc7 14.Kd1 Bd7 15.Qh3
Rc8 16.Qc3 Qb6 17.Qh3 Bb5 18.Nb3 Be2+ 19.Kd2 Qb4+ 20.Ke3 Rc3+ 21.bxc3 Qxc3+
22.Kf4 g5# 0-1

[Event "Ch Netherlands (juniors) (under 20) (g)"]
[Site "Arnhem (Netherlands)"]
[Round "3"]
[White "De Mie Mariska (NED)"]
[Black "Pater Evelien (NED)"]
[Result "1-0"]
[WhiteElo "2221"]
[BlackElo "1855"]

1.e4 e6 2.d4 d5 3.Nd2 Nf6 4.e5 Nfd7 5.Bd3 c5 6.c3 Nc6 7.Ne2 cxd4 8.cxd4 f6
9.exf6 Nxf6 10.O-O Bd6 11.Nf3 O-O 12.Bf4 Bxf4 13.Nxf4 Qd6 14.g3 e5 15.dxe5
Nxe5 16.Nxe5 Qxe5 17.Qb3 Kh8 18.Rfe1 Qg5 19.h4 Qg4 20.Re5 Qf3 21.Qb4 {#r} 1-0

[Event "It (open)"]
[Site "Bad Woerishofen (Germany)"]
[Round "3"]
[White "Emms John M (ENG)"]
[Black "De Francesco Klaus (GER)"]
[Result "1-0"]
[WhiteElo "2500"]
[BlackElo "2255"]

1.e4 e6 2.d4 d5 3.Nd2 Nf6 4.Bd3 c5 5.e5 Nfd7 6.c3 Nc6 7.Ne2 cxd4 8.cxd4 f6
9.exf6 Qxf6 10.Nf3 h6 11.O-O Bd6 12.Bc2 O-O 13.Be3 Ne7 14.Qd3 e5 15.Nxe5 Nxe5
16.dxe5 Bxe5 17.Ng3 Nf5 18.Qxd5+ Be6 19.Qe4 Bxb2 20.Rab1 Be5 21.Nh5 {#r} 1-0

[Event "Moselpokal"]
[Site "Baden (Germany)"]
[Round "1"]
[White "Tessmer Herbert (GER)"]
[Black "Roll Andreas"]
[Result "0-1"]
[WhiteElo "1855"]
[BlackElo "2210"]

1.e4 e6 2.d4 d5 3.Nd2 Nf6 4.e5 Nfd7 5.Bd3 c5 6.c3 Nc6 7.Ne2 Qb6 8.Nf3 cxd4
9.cxd4 f6 10.exf6 Nxf6 11.O-O Bd6 12.a3 O-O 13.b4 e5 14.dxe5 Nxe5 15.Nxe5 Bxe5
16.Be3 Qc7 17.Rc1 Bxh2+ 18.Kh1 Qe5 19.g3 Bg4 20.Qc2 Bf3+ {#R} 0-1

[Event "It (open) \"]
[Site "Bratislava (Slovakia)"]
[Round "5"]
[White "Oprea Erik (SVK)"]
[Black "Lipka Juraj (SVK)"]
[Result "0-1"]
[WhiteElo "2135"]
[BlackElo "2340"]

1.e4 e6 2.d4 d5 3.Nd2 Nf6 4.e5 Nfd7 5.Bd3 c5 6.c3 Nc6 7.Ne2 cxd4 8.cxd4 f6
9.exf6 Nxf6 10.Nf3 Bd6 11.Bg5 O-O 12.O-O Bd7 13.Rc1 Qb6 14.Qd2 Nh5 15.Bb1 Rxf3
16.gxf3 Rf8 17.Rc3 Qc7 18.f4 Nxf4 19.Nxf4 Bxf4 20.Rh3 Bxd2 21.Bxh7+ Kf7
22.Rf3+ Bf4 23.Bxf4 Nxd4 24.Bg6+ Kf6 {#R} 0-1

[Event "It (open) \"]
[Site "Bratislava (Slovakia)"]
[Round "3"]
[White "Pokorna Regina (SVK)"]
[Black "Likavsky Tomas (SVK)"]
[Result "1-0"]
[WhiteElo "2195"]
[BlackElo "2305"]

1.e4 e6 2.d4 d5 3.Nd2 Nf6 4.e5 Nfd7 5.Bd3 c5 6.c3 Nc6 7.Ne2 cxd4 8.cxd4 f6
9.Nf4 Nxd4 10.Qh5+ Ke7 11.Ng6+ hxg6 12.exf6+ Nxf6 13.Qxh8 Kf7 14.f4 Nh5 15.O-O
Qh4 16.g3 Qg4 17.Kg2 Bd6 18.Nf3 Nf5 19.Bxf5 Qxf5 20.Qd8 Be7 21.Ng5+ {#r} 1-0

[Event "It (open) \"]
[Site "Brno (Czech Republic)"]
[Round "1"]
[White "Strelicka Jan (CZE)"]
[Black "Mares Jaroslav (CZE)"]
[Result "1-0"]
[WhiteElo "1685"]
[BlackElo "2106"]

1.e4 e6 2.d4 d5 3.Nd2 Nf6 4.e5 Nfd7 5.Bd3 c5 6.c3 Nc6 7.Ne2 Qb6 8.Nf3 cxd4
9.cxd4 f6 10.exf6 Nxf6 11.O-O Bd6 12.Re1 O-O 13.Bf4 Bxf4 14.Nxf4 Qxb2 15.Nxe6
Bxe6 16.Rxe6 Nd8 17.Re2 Qb6 18.Ne5 Ne6 19.Rb1 Qxd4 20.Nf3 {#r} 1-0

[Event "It (cat.2)"]
[Site "Budapest (Hungary)"]
[Round "0"]
[White "Anka Emil (HUN)"]
[Black "Zucchelli Massimo (ITA)"]
[Result "1-0"]
[WhiteElo "2400"]
[BlackElo "2149"]

1.e4 e6 2.d4 d5 3.Nd2 Nf6 4.e5 Nfd7 5.c3 c5 6.Bd3 Nc6 7.Ne2 cxd4 8.cxd4 Qb6
9.Nf3 f6 10.exf6 Nxf6 11.O-O Bd6 12.b3 O-O 13.Bf4 Bxf4 14.Nxf4 Bd7 15.Qd2 Rae8
16.Rfe1 Re7 17.Rad1 a5 18.Bb1 Bc8 19.Ng5 Nd8 20.Bxh7+ Nxh7 21.Ng6 Ree8 22.Nxh7
Kxh7 23.Nxf8+ Rxf8 24.Qc2+ {#r} 1-0

[Event "Ch World (juniors) (under 16) (g)"]
[Site "Cala Galdana (Spain)"]
[Round "4"]
[White "Ionica Iulia-Ionela (ROM)"]
[Black "Radziewicz Iweta (POL)"]
[Result "0-1"]
[WhiteElo "2140"]
[BlackElo "2270"]

1.e4 e6 2.d4 d5 3.Nd2 Nf6 4.e5 Nfd7 5.Bd3 c5 6.c3 Nc6 7.Ne2 cxd4 8.cxd4 f6
9.exf6 Nxf6 10.O-O Bd6 11.Nf3 Qc7 12.Re1 O-O 13.Nc3 a6 14.Bg5 Ng4 15.h3 Bh2+
16.Kf1 Nxf2 17.Kxf2 Qg3+ 18.Kf1 Qxg5 19.Qc1 Qxc1 20.Raxc1 Nxd4 {#R} 0-1

[Event "It (open) \"]
[Site "Ceske Budejovice (Czech Republic)"]
[Round "2"]
[White "Piza Vlastimil (CZE)"]
[Black "Maiorov Oleg (RUS)"]
[Result "0-1"]
[WhiteElo "2275"]
[BlackElo "2470"]

1.e4 e6 2.d4 d5 3.Nd2 Nf6 4.e5 Nfd7 5.Bd3 c5 6.c3 Nc6 7.Ne2 cxd4 8.cxd4 f6
9.exf6 Nxf6 10.Nf3 Bd6 11.Bf4 Bxf4 12.Nxf4 O-O 13.g3 Qb6 14.O-O Qxb2 15.Re1 g6
16.Re2 Qc3 17.Rc1 Qa3 18.Nxe6 Bxe6 19.Rxe6 Ne4 20.Kg2 Rxf3 21.Rexc6 Rxf2+
22.Kg1 bxc6 23.Bxe4 Qe3 {#R} 0-1

[Event "Ch Russia (w)"]
[Site "Elista (Russia)"]
[Round "7"]
[White "Kuchatova Natalia (RUS)"]
[Black "Yangel Anna (RUS)"]
[Result "1-0"]
[WhiteElo "2118"]
[BlackElo "2029"]

1.e4 e6 2.d4 d5 3.Nd2 Nf6 4.e5 Nfd7 5.Bd3 c5 6.c3 Nc6 7.Ne2 cxd4 8.cxd4 Qb6
9.Nf3 Be7 10.O-O O-O 11.Nf4 Kh8 12.Bb1 Nd8 13.Nh4 Bxh4 14.Qh5 h6 15.Qxh4 Kg8
16.Nh5 f6 17.exf6 Nxf6 18.Nxg7 Kxg7 19.Bxh6+ Kf7 20.Bxf8 {#r} 1-0

[Event "It (open)"]
[Site "Finkenstein (Austria)"]
[Round "4"]
[White "Jakubovics Nicholas (ENG)"]
[Black "Gooding Ian (ENG)"]
[Result "1-0"]
[WhiteElo "2217"]
[BlackElo "2035"]

1.e4 e6 2.d4 d5 3.Nd2 Nf6 4.e5 Nfd7 5.Bd3 c5 6.c3 Nc6 7.Ne2 cxd4 8.cxd4 f6
9.Nf4 Nxd4 10.Qh5+ Ke7 11.exf6+ Nxf6 12.Ng6+ hxg6 13.Qxh8 Kf7 14.f4 Qb6 15.O-O
Nc6+ 16.Kh1 e5 17.Nf3 e4 18.Ne5+ Nxe5 19.fxe5 exd3 20.exf6 Bf5 21.fxg7 {#r}
1-0

[Event "Bayern Landesliga South"]
[Site "Germany"]
[Round "1"]
[White "Anka Emil (HUN)"]
[Black "Reilein Christian (GER)"]
[Result "1-0"]
[WhiteElo "2400"]
[BlackElo "2266"]

1.e4 e6 2.d4 d5 3.Nd2 Nf6 4.e5 Nfd7 5.c3 c5 6.Bd3 Nc6 7.Ne2 Qb6 8.Nf3 cxd4
9.cxd4 f6 10.exf6 Nxf6 11.O-O Bd6 12.b3 O-O 13.Bf4 Bxf4 14.Nxf4 Ne4 15.Ne2 Bd7
16.Bxe4 dxe4 17.Ng5 Rad8 18.Qd2 e5 19.dxe5 Bf5 20.Qc2 Nxe5 21.Ng3 Rd4 22.Nxf5
Rxf5 23.Qc8+ Rf8 24.Qe6+ {#r} 1-0

[Event "Ch Hungary (team) 1995/96"]
[Site "Hungary"]
[Round "13"]
[White "Szell Lajos (HUN)"]
[Black "Nemeth Zoltan (HUN)"]
[Result "0-1"]
[WhiteElo "2245"]
[BlackElo "2425"]

1.e4 e6 2.d4 d5 3.Nd2 Nf6 4.e5 Nfd7 5.Bd3 c5 6.c3 cxd4 7.cxd4 Nc6 8.Ne2 Qb6
9.Nf3 f6 10.exf6 Nxf6 11.O-O Bd6 12.Nc3 O-O 13.Be3 Bd7 14.a3 Rac8 15.Rc1 Na5
16.Ne5 Qxb2 17.Nxd7 Nxd7 18.Nb5 Bb8 19.Rb1 Qa2 20.Rb4 Nc4 21.Bb1 Nxe3 22.Qd3
Qxf2+ {#R} 0-1

[Event "It (open)"]
[Site "Imperia (Italy)"]
[Round "0"]
[White "Luciani Carlo (ITA)"]
[Black "Bonugli Carlo (ITA)"]
[Result "1-0"]
[WhiteElo "2290"]
[BlackElo "2038"]

1.e4 e6 2.d4 d5 3.Nd2 Nf6 4.e5 Nfd7 5.c3 c5 6.Bd3 Nc6 7.Ne2 cxd4 8.cxd4 f6
9.exf6 Nxf6 10.Nf3 Bd6 11.O-O Qc7 12.Bg5 O-O 13.Bh4 Nh5 14.Qc2 g6 15.Bxg6 hxg6
16.Qxg6+ Qg7 17.Qxh5 Bd7 18.Bg5 {#r} 1-0

[Event "Tournament (open)"]
[Site "Italy"]
[Round "8"]
[White "Lantini Marco (ITA)"]
[Black "Marta Daniele (ITA)"]
[Result "1-0"]
[WhiteElo "2164"]
[BlackElo "2029"]

1.e4 e6 2.d4 d5 3.Nd2 Nf6 4.e5 Nfd7 5.Bd3 c5 6.c3 Nc6 7.Ne2 cxd4 8.cxd4 f6
9.exf6 Nxf6 10.Nf3 Bd6 11.O-O O-O 12.Bf4 Qc7 13.Bg3 e5 14.dxe5 Nxe5 15.Nxe5
Bxe5 16.Rc1 Qd6 17.Re1 Bg4 18.Qb3 Rae8 19.f4 Bxe2 20.fxe5 {#r} 1-0

[Event "It (open)"]
[Site "Linares (Spain)"]
[Round "10"]
[White "Korneev Oleg (RUS)"]
[Black "Piskov Yury (RUS)"]
[Result "1-0"]
[WhiteElo "2565"]
[BlackElo "2510"]

1.e4 e6 2.d4 d5 3.Nd2 Nf6 4.e5 Nfd7 5.Bd3 c5 6.c3 Nc6 7.Ne2 cxd4 8.cxd4 f6
9.exf6 Nxf6 10.O-O Bd6 11.Nf3 Qc7 12.Bg5 O-O 13.Rc1 Bd7 14.Ng3 Qb6 15.Bxf6
Rxf6 16.Bxh7+ Kxh7 17.Ng5+ Kg8 18.Qh5 Be8 19.Qh7+ Kf8 20.Nf5 Rxf5 21.Nxe6+ Ke7
22.Qxf5 Nxd4 23.Nxd4 Qxd4 24.Rfe1+ {#r} 1-0

[Event "Ch Slovakia"]
[Site "Martin (Slovakia)"]
[Round "1"]
[White "Fraas Martin (SVK)"]
[Black "Hagara Eduard (SVK)"]
[Result "0-1"]
[WhiteElo "2250"]
[BlackElo "2180"]

1.e4 e6 2.d4 d5 3.Nd2 Nf6 4.e5 Nfd7 5.Bd3 c5 6.c3 Nc6 7.Ndf3 Qb6 8.Ne2 f6
9.exf6 Nxf6 10.O-O cxd4 11.cxd4 Bd6 12.a3 O-O 13.Bc2 Bd7 14.b4 e5 15.dxe5 Nxe5
16.Nf4 Nxf3+ 17.Qxf3 Be5 18.Rb1 Qd6 19.Bb3 Bg4 20.Qg3 Bf5 21.Rb2 Nh5 {#R} 0-1

[Event "It (open)"]
[Site "Orense (Spain)"]
[Round "0"]
[White "Glavina Pablo (ARG)"]
[Black "Matamoros Franco Carlos S (ECU)"]
[Result "1-0"]
[WhiteElo "2360"]
[BlackElo "2460"]

1.e4 e6 2.d4 d5 3.Nd2 Nf6 4.e5 Nfd7 5.c3 c5 6.Bd3 Nc6 7.Ne2 cxd4 8.cxd4 f6
9.exf6 Nxf6 10.O-O Bd6 11.Nf3 O-O 12.Bg5 Bd7 13.a3 Kh8 14.Re1 Qb6 15.Bc2 e5
16.Nc3 Nxd4 17.Bxf6 Qxb2 18.Nxd4 Rxf6 19.Nxd5 Qxd4 20.Nxf6 gxf6 21.Qh5 f5
22.Rad1 Qc5 23.Qf7 Qxc2 24.Rxd6 {#r} 1-0

[Event "It (open) \"]
[Site "Pardubice (Czech Republic)"]
[Round "2"]
[White "Malisauskas Vidmantas (LTU)"]
[Black "Dittmar Peter (GER)"]
[Result "1-0"]
[WhiteElo "2525"]
[BlackElo "2390"]

1.e4 e6 2.d4 d5 3.Nd2 Nf6 4.e5 Nfd7 5.c3 c5 6.Bd3 Nc6 7.Ne2 cxd4 8.cxd4 Qb6
9.Nf3 f6 10.exf6 Nxf6 11.O-O Bd6 12.b3 O-O 13.Bb2 Ng4 14.Nc3 Bd7 15.h3 Nxf2
16.Rxf2 Nxd4 17.Bxh7+ Kxh7 18.Qxd4 Qxd4 19.Nxd4 Rxf2 {#r} 1-0

[Event "It \"]
[Site "Philadelphia (USA)"]
[Round "0"]
[White "Nolting Arno (GER)"]
[Black "Murthy Pappu L N (USA)"]
[Result "0-1"]
[WhiteElo "2195"]
[BlackElo "2071"]

1.e4 e6 2.d4 d5 3.Nd2 Nf6 4.e5 Nfd7 5.Bd3 c5 6.c3 Nc6 7.Ne2 cxd4 8.cxd4 Qb6
9.Nf3 f6 10.exf6 Nxf6 11.O-O Bd6 12.Nc3 Bd7 13.a3 Nxd4 14.Nxd4 Qxd4 15.Bg6+
hxg6 16.Qxd4 Bxh2+ 17.Kh1 Be5+ 18.Kg1 Bxd4 {#R} 0-1

[Event "Ch Schleswig Holstein"]
[Site "Ratzeburg (Germany)"]
[Round "3"]
[White "Homuth Manfred (GER)"]
[Black "Seeck Klaus (GER)"]
[Result "1-0"]
[WhiteElo "2164"]
[BlackElo "2146"]

1.e4 e6 2.d4 d5 3.Nd2 Nf6 4.e5 Nfd7 5.c3 c5 6.Bd3 Nc6 7.Ne2 cxd4 8.cxd4 Be7
9.Nf3 O-O 10.Nf4 Qa5+ 11.Bd2 Bb4 12.Bxh7+ Kh8 13.Bd3 g6 14.h4 Kg7 15.a3 Bxd2+
16.Qxd2 Nb6 17.b4 Qa4 18.h5 Rh8 19.h6+ Kg8 20.Nxg6 Nxb4 21.h7+ Rxh7 22.Ne7+
Kf8 23.Bxh7 {#r} 1-0

[Event "It (open)"]
[Site "Rieden (Germany)"]
[Round "0"]
[White "Collin Denis (FRA)"]
[Black "Huber Hans"]
[Result "0-1"]
[WhiteElo "2284"]
[BlackElo "2030"]

1.e4 e6 2.d4 d5 3.Nd2 Nf6 4.e5 Nfd7 5.Bd3 c5 6.c3 Nc6 7.Ne2 cxd4 8.cxd4 f6
9.exf6 Nxf6 10.O-O Bd6 11.Nf3 Qc7 12.Bg5 O-O 13.Re1 e5 14.dxe5 Nxe5 15.Ned4
Nxd3 16.Qxd3 Ng4 17.h3 Bh2+ 18.Kf1 Nxf2 19.Qb3 Bxh3 20.Qxd5+ Kh8 21.gxh3 Qg3
22.Nxh2 Ne4+ 23.Ke2 Rf2+ 24.Kd1 Qd3+ {#R} 0-1

[Event "It (cat.9)"]
[Site "Santa Clara (Cuba)"]
[Round "6"]
[White "De La Paz Frank (CUB)"]
[Black "Matamoros Franco Carlos S (ECU)"]
[Result "0-1"]
[WhiteElo "2370"]
[BlackElo "2460"]

1.e4 e6 2.d4 d5 3.Nd2 Nf6 4.e5 Nfd7 5.Bd3 c5 6.c3 Nc6 7.Ne2 cxd4 8.cxd4 f6
9.Nf4 Nxd4 10.Qh5+ Ke7 11.Ng6+ hxg6 12.exf6+ Nxf6 13.Qxh8 Kf7 14.f4 Nc6 15.Qh4
e5 16.fxe5 Nxe5 17.Be2 Qb6 18.Qg3 Bg4 19.Nf3 Nxf3+ 20.gxf3 Bf5 21.Bd2 Rc8
22.Kf1 Qe6 {#R} 0-1

[Event "It (open)"]
[Site "Solymar (Hungary)"]
[Round "0"]
[White "Czebe Attila (HUN)"]
[Black "Janoshalmi Attila (HUN)"]
[Result "1-0"]
[WhiteElo "2345"]
[BlackElo "2256"]

1.e4 e6 2.d4 d5 3.Nd2 Nf6 4.e5 Nfd7 5.Bd3 c5 6.c3 Nc6 7.Ne2 Qb6 8.Nf3 cxd4
9.cxd4 Bb4+ 10.Bd2 f6 11.exf6 Nxf6 12.O-O Bd7 13.Bf4 O-O 14.Ng3 Ne4 15.Be5
Nxe5 16.Nxe5 Nf6 17.Nh5 Be8 18.Nxf6+ gxf6 19.Qg4+ Kh8 20.Qh4 Qc7 21.Rac1 Qg7
{#r} 1-0

[Event "It (open)"]
[Site "Stary Smokovec (Slovakia)"]
[Round "0"]
[White "Fraas Martin (SVK)"]
[Black "Kolcak Marek (SVK)"]
[Result "1-0"]
[WhiteElo "2250"]
[BlackElo "2145"]

1.e4 e6 2.d4 d5 3.Nd2 Nf6 4.e5 Nfd7 5.Bd3 c5 6.c3 Nc6 7.Ne2 cxd4 8.cxd4 f6
9.Nf4 Nxd4 10.Qh5+ Ke7 11.Ng6+ hxg6 12.exf6+ Kxf6 13.Qxh8 e5 14.Qh4+ g5
15.Ne4+ dxe4 16.Bxg5+ Kf7 17.Bc4+ Ne6 18.Qh5+ {#r} 1-0

[Event "It (open)"]
[Site "Valencia (Spain)"]
[Round "0"]
[White "Alberola Mulet Benj (ESP)"]
[Black "Mora Menezo Jesus (ESP)"]
[Result "0-1"]
[WhiteElo "2145"]
[BlackElo "2170"]

1.e4 e6 2.d4 d5 3.Nd2 Nf6 4.e5 Nfd7 5.Bd3 c5 6.c3 Nc6 7.Ne2 cxd4 8.cxd4 f6
9.exf6 Nxf6 10.Nf3 Bd6 11.O-O O-O 12.Bg5 Bd7 13.Bh4 Be8 14.Bg3 Bh5 15.Bc2 Ne4
16.Bxe4 dxe4 17.Nd2 Bxg3 18.hxg3 Nxd4 19.f3 {#R} 0-1

[Event "It (open)"]
[Site "Velden (Austria)"]
[Round "5"]
[White "Golubovic Boris (CRO)"]
[Black "Broekman Willem (NED)"]
[Result "1-0"]
[WhiteElo "2420"]
[BlackElo "2054"]

1.e4 e6 2.d4 d5 3.Nd2 Nf6 4.e5 Nfd7 5.Bd3 c5 6.c3 Nc6 7.Ne2 cxd4 8.cxd4 f6
9.exf6 Nxf6 10.O-O Bd6 11.Nf3 Qc7 12.Nc3 a6 13.Bg5 O-O 14.Bh4 g6 15.Bg3 Bxg3
16.hxg3 e5 17.Qb3 exd4 18.Nxd5 Nxd5 19.Qxd5+ Kg7 20.Rac1 Rd8 21.Qg5 Qd6
22.Rfe1 Qf6 23.Rxc6 {#r} 1-0

[Event "It (open) (b)"]
[Site "Corsico (Italy)"]
[Round "2"]
[White "Trotto Pierangelo (ITA)"]
[Black "Saccani Ettore (ITA)"]
[Result "1-0"]
[WhiteElo "1904"]
[BlackElo "1741"]

1.e4 e6 2.d4 d5 3.Nd2 Nf6 4.e5 Nfd7 5.Bd3 c5 6.c3 Nc6 7.Ne2 Qb6 8.Nf3 cxd4
9.cxd4 Nb4 10.Bb1 f6 11.exf6 Nxf6 12.O-O Bd6 13.Bf4 Bxf4 14.Nxf4 Bd7 15.Qd2
Rc8 16.a3 Nc6 17.Re1 Ne7 18.Ng5 Rc6 19.Qe2 Qxd4 20.Nfxe6 Bxe6 21.Nxe6 Qg4
22.f3 Rxe6 23.Qb5+ {#r} 1-0

[Event "It (open)"]
[Site "Aarhus (Denmark)"]
[Round "4"]
[White "Kveinys Aloyzas (LTU)"]
[Black "Kaufmann Allan (DEN)"]
[Result "1-0"]
[WhiteElo "2555"]
[BlackElo "2025"]

1.e4 e6 2.d4 d5 3.Nd2 Nf6 4.e5 Nfd7 5.c3 c5 6.Bd3 Nc6 7.Ne2 Qb6 8.Nf3 cxd4
9.cxd4 f6 10.exf6 Nxf6 11.O-O Bd6 12.Re1 O-O 13.Bf4 Bxf4 14.Nxf4 Ne4 15.g3
Nxd4 16.Nxd4 e5 17.Nxd5 Qxd4 18.Bxe4 Qxf2+ 19.Kh1 {#r} 1-0

[Event "Ch Aragon (team)"]
[Site "Aragon (Spain)"]
[Round "0"]
[White "Picornell Morant J E (ESP)"]
[Black "Soriano Maya Juan Pablo (ESP)"]
[Result "0-1"]
[WhiteElo "1962"]
[BlackElo "2206"]

1.e4 e6 2.d4 d5 3.Nd2 Nf6 4.e5 Nfd7 5.Bd3 c5 6.c3 Nc6 7.Ne2 cxd4 8.cxd4 f6
9.Nf4 Nxd4 10.Qh5+ Ke7 11.exf6+ Nxf6 12.Ng6+ hxg6 13.Qxh8 Kf7 14.f4 Qb6 15.O-O
Ng4 16.Qh7 Ne2+ 17.Kh1 Qg1+ {#R} 0-1

[Event "It (open)"]
[Site "Arco (Italy)"]
[Round "5"]
[White "Gasser Giorgio (ITA)"]
[Black "Astengo Marcello (ITA)"]
[Result "0-1"]
[WhiteElo "2132"]
[BlackElo "2040"]

1.e4 e6 2.d4 d5 3.Nd2 Nf6 4.e5 Nfd7 5.Bd3 c5 6.c3 Nc6 7.Ne2 Qb6 8.Nf3 cxd4
9.cxd4 f6 10.exf6 Nxf6 11.O-O Bd6 12.b3 O-O 13.Bg5 e5 14.dxe5 Nxe5 15.Nxe5
Bxe5 16.Rc1 Ng4 17.Bb1 Rxf2 18.Rxf2 Bxh2+ {#R} 0-1

[Event "It (open)"]
[Site "Bad Wiessee (Germany)"]
[Round "8"]
[White "Hanisch Pavel (GER)"]
[Black "Rohrmueller Ulrich (GER)"]
[Result "0-1"]
[WhiteElo "2158"]
[BlackElo "2236"]

1.e4 e6 2.d4 d5 3.Nd2 Nf6 4.e5 Nfd7 5.Bd3 c5 6.c3 Nc6 7.Ne2 cxd4 8.cxd4 f6
9.Nf4 Nxd4 10.Qh5+ Ke7 11.Ng6+ hxg6 12.exf6+ Kxf6 13.Qxh8 Kf7 14.O-O Nc5
15.Bb1 e5 16.Nf3 Nxf3+ 17.gxf3 Qf6 18.Kg2 Bd7 19.h4 e4 20.fxe4 dxe4 21.f3
exf3+ 22.Kh1 f2 {#R} 0-1

[Event "It (open)"]
[Site "Bad Zwesten (Germany)"]
[Round "4"]
[White "Aepfler Christian (GER)"]
[Black "Schnabel Michael (GER)"]
[Result "1-0"]
[WhiteElo "2258"]
[BlackElo "2146"]

1.e4 e6 2.d4 d5 3.Nd2 Nf6 4.e5 Nfd7 5.Bd3 c5 6.c3 Nc6 7.Ne2 Qb6 8.Nf3 cxd4
9.cxd4 Bb4+ 10.Kf1 Be7 11.a3 O-O 12.b4 f5 13.Be3 Kh8 14.g3 Qd8 15.h4 Nb6
16.Nf4 Qe8 17.Ng5 Bd8 18.Be2 Bd7 19.Bh5 Qe7 20.Ng6+ {#r} 1-0

[Event "Ch Hessen (juniors) (under 17)"]
[Site "Biedenkopf (Germany)"]
[Round "8"]
[White "Schupp Tobias (GER)"]
[Black "Raab Hendrik (GER)"]
[Result "1-0"]
[WhiteElo "2041"]
[BlackElo "1875"]

1.e4 e6 2.d4 d5 3.Bd3 Nf6 4.e5 Nfd7 5.Ne2 c5 6.c3 Nc6 7.Nd2 Qb6 8.Nf3 cxd4
9.cxd4 Bb4+ 10.Bd2 Qa5 11.Nc3 O-O 12.Bxh7+ Kh8 13.Ng5 g6 14.Qg4 Kg7 15.Nxe6+
Kxh7 16.Qh4+ Kg8 17.Ng5 {#r} 1-0

[Event "Memorial Olexa (open)"]
[Site "Brno (Czech Republic)"]
[Round "0"]
[White "Vachek Jiri (CZE)"]
[Black "Novak Jiri (CZE)"]
[Result "1-0"]
[WhiteElo "1896"]
[BlackElo "1962"]

1.e4 e6 2.d4 d5 3.Nd2 Nf6 4.e5 Nfd7 5.Bd3 c5 6.c3 Nc6 7.Ne2 cxd4 8.cxd4 f6
9.f4 fxe5 10.fxe5 Nxd4 11.O-O Qb6 12.Nf4 Nxe5 13.Qh5+ Kd8 14.Kh1 Nxd3 15.Nxd3
Nf5 16.Ne5 Nh6 17.Ndf3 Bd7 18.Bxh6 gxh6 19.Nf7+ Kc7 20.Rac1+ Bc5 21.Qe5+ Kc6
22.Nd4# 1-0

[Event "Ch Italy (juniors)"]
[Site "Cerro (Italy)"]
[Round "0"]
[White "Vismara Daniele (ITA)"]
[Black "Coratella Giuseppe (ITA)"]
[Result "1-0"]
[WhiteElo "2235"]
[BlackElo "2251"]

1.e4 e6 2.d4 d5 3.Nd2 Nf6 4.e5 Nfd7 5.c3 c5 6.Bd3 Nc6 7.Ne2 cxd4 8.cxd4 f6
9.exf6 Nxf6 10.O-O Bd6 11.Nf3 Qc7 12.Nc3 a6 13.Bg5 O-O 14.Bh4 Bd7 15.Bg3 Rfe8
16.Rc1 Rad8 17.Re1 Qb8 18.Bb1 Bc8 19.Ne5 Nd7 20.Bxh7+ Kxh7 21.Nxc6 {#r} 1-0

[Event "Ch England (team) 1996/97"]
[Site "England"]
[Round "7"]
[White "Connolly Suzanne (IRL)"]
[Black "Anderton David W (ENG)"]
[Result "0-1"]
[WhiteElo "2012"]
[BlackElo "2200"]

1.e4 e6 2.d4 d5 3.Nd2 Nf6 4.e5 Nfd7 5.Bd3 c5 6.c3 Nc6 7.Ne2 cxd4 8.cxd4 f6
9.exf6 Qxf6 10.Nf3 h6 11.Bf4 Bb4+ 12.Bd2 Bd6 13.O-O O-O 14.Rc1 Rd8 15.Bb1 Nf8
16.Be3 Bd7 17.Qd2 Be8 18.Bf4 Bh5 19.Bxd6 Rxd6 20.Rc3 Re8 21.Nf4 Bxf3 22.Rxf3
Nxd4 23.Rg3 Qxf4 {#R} 0-1

[Event "It (open)"]
[Site "Giessen (Germany)"]
[Round "3"]
[White "Ewin Hans-Peter (GER)"]
[Black "Klingelhoefer Stefan (GER)"]
[Result "0-1"]
[WhiteElo "1946"]
[BlackElo "2230"]

1.e4 e6 2.d4 d5 3.Nd2 Nf6 4.e5 Nfd7 5.Bd3 c5 6.c3 Nc6 7.Ndf3 cxd4 8.cxd4 f6
9.exf6 Qxf6 10.Ne2 h6 11.O-O Bd6 12.Be3 O-O 13.Rc1 Rd8 14.Bb1 Nf8 15.Qb3 Bd7
16.Rfd1 Be8 17.a3 Na5 18.Qa2 Bh5 19.b4 Nc4 20.Ne1 Nxa3 21.Nd3 a5 22.Ndf4 Bxe2
23.Nxe2 Nxb1 24.Qxb1 Bxb4 {#R} 0-1

[Event "Ch Suedwestfalen (juniors) (under 20)"]
[Site "Hagen (Germany)"]
[Round "1"]
[White "Naundorf Maik (GER)"]
[Black "Gottas Mike"]
[Result "1-0"]
[WhiteElo "2134"]
[BlackElo "1720"]

1.e4 e6 2.d4 d5 3.Nd2 Nf6 4.e5 Nfd7 5.Bd3 c5 6.c3 Nc6 7.Ne2 Qb6 8.Nf3 cxd4
9.cxd4 Bb4+ 10.Bd2 Bxd2+ 11.Qxd2 f6 12.exf6 Nxf6 13.Nc3 Bd7 14.Na4 Qd8 15.Nc5
b6 16.Nxd7 Qxd7 17.Bb5 a6 18.Ne5 Ne4 19.Bxc6 Qxc6 20.Nxc6 Nxd2 21.Kxd2 O-O
22.f3 Rfe8 23.Rac1 h5 24.Rc3 {#r} 1-0